Синтез производных IDA на основе циклических кетонов; Высокие технологии в современной науке и технике (ВТСНТ-2017)

Bibliografske podrobnosti
Parent link:Высокие технологии в современной науке и технике (ВТСНТ-2017).— 2017.— [С. 214-215]
Glavni avtor: Подрезова Е. В. Екатерина Владимировна
Drugi avtorji: Юсубов М. С. Мехман Сулейман-оглы (Сулейманович) (научный руководитель)
Izvleček:Заглавие с титульного экрана
Jezik:ruščina
Izdano: 2017
Serija:Химические технологии и биотехнологии
Teme:
Online dostop:http://earchive.tpu.ru/handle/11683/45366
Format: Elektronski Book Chapter
KOHA link:https://koha.lib.tpu.ru/cgi-bin/koha/opac-detail.pl?biblionumber=625472

MARC

LEADER 00000naa2a2200000 4500
001 625472
005 20251204143512.0
035 |a (RuTPU)RU\TPU\conf\24732 
035 |a RU\TPU\conf\24731 
090 |a 625472 
100 |a 20171214d2017 k y0rusy50 ca 
101 0 |a rus 
102 |a RU 
135 |a drcn ---uucaa 
181 0 |a i  
182 0 |a b 
200 1 |a Синтез производных IDA на основе циклических кетонов  |f Е. В. Подрезова  |g науч. рук. М. С. Юсубов 
203 |a Текст  |c электронный 
225 1 |a Химические технологии и биотехнологии 
300 |a Заглавие с титульного экрана 
320 |a [Библиогр.: с. 215 (5 назв.)] 
463 1 |0 (RuTPU)RU\TPU\conf\24481  |t Высокие технологии в современной науке и технике (ВТСНТ-2017)  |o сборник научных трудов VI Международной научно-технической конференции молодых ученых, аспирантов и студентов, г. Томск, 27–29 ноября 2017 г.  |f Национальный исследовательский Томский политехнический университет (ТПУ) ; под ред. А. Н. Яковлева  |v [С. 214-215]  |d 2017 
610 1 |a электронные ресурсы 
610 1 |a труды учёных ТПУ 
610 1 |a магнитно-резонансная томография 
610 1 |a онкология 
610 1 |a сердечно-сосудистые заболевания 
610 1 |a новообразования 
610 1 |a субстраты 
700 1 |a Подрезова  |b Е. В.  |c химик  |c научный сотрудник Томского политехнического университета, кандидат химических наук  |f 1992-  |g Екатерина Владимировна  |y Томск  |3 (RuTPU)RU\TPU\pers\36903  |9 19932 
702 1 |a Юсубов  |b М. С.  |c химик  |c профессор Томского политехнического университета, доктор химических наук  |f 1961-  |g Мехман Сулейман-оглы (Сулейманович)  |4 727 
801 2 |a RU  |b 63413507  |c 20171220  |g RCR 
856 4 |u http://earchive.tpu.ru/handle/11683/45366  |z http://earchive.tpu.ru/handle/11683/45366 
942 |c CF